| 000 | 00925cam a2200253 a 4500 | ||
|---|---|---|---|
| 999 |
_c2804 _d2804 |
||
| 001 | 11786139 | ||
| 003 | GBCCL | ||
| 005 | 20241126110440.0 | ||
| 008 | 990909s1999 cau b 000 0 eng | ||
| 010 | _a 99047583 | ||
| 020 | _a0830725318 (pbk.) | ||
| 040 |
_aDLC _cDLC _dDLC |
||
| 050 | 0 | 0 |
_aBV4811 _b.B835 1999 |
| 082 | 0 | 0 |
_a242.2 _221 _bBUR |
| 100 | 1 |
_aBurns, Jim, _d1953- _95476 |
|
| 245 | 1 | 0 |
_aAddicted to God : _b50 days to a more powerful relationship with God / _cJim Burns. |
| 260 |
_aVentura, Calif. : _bRegal Books, _cc1999. |
||
| 300 |
_a144 p. ; _c22 cm. |
||
| 504 | _aIncludes bibliographical references. | ||
| 650 | 0 |
_aDevotional calendars. _91878 |
|
| 906 |
_a7 _bcbc _corignew _d1 _eocip _f19 _gy-gencatlg |
||
| 942 |
_2ddc _cBK _028 |
||